| 000 | 01113cam a2200241 4500 | ||
|---|---|---|---|
| 001 | ABS66058 | ||
| 008 | 021024n2002 000 0 eng u | ||
| 035 | _a(Sirsi) u120237 | ||
| 100 | _aCrook, A. D. H. | ||
| 245 | _aHousing investment trusts: a new structure of rental housing provision? | ||
| 260 | _c2002 | ||
| 490 |
_aHousing Studies _v17(5) September 2002, 741-753(13) |
||
| 520 | _aThis paper reports on qualitative interviews with financial institutions to examine why housing investment trusts have proved to be a policy failure. It is argued that the rules governing such trusts did not reflect the normal operations of a property company and that the existing structure of housing provision in the private rented sector was itself an obstacle to the modernisation of private landlordism. (TAKEN FROM JOURNAL HEADNOTE) | ||
| 590 | _aABS | ||
| 650 | _aPRIVATE LANDLORDS | ||
| 650 | _aHOUSING INVESTMENT TRUSTS | ||
| 650 | _aFINANCIAL INSTITUTIONS | ||
| 650 | _aPRIVATE RENTING | ||
| 650 | _aMODERNISATION | ||
| 690 | _aHOUSING-PRIVATE RENTED SECTOR | ||
| 700 | _aKemp, P.A. | ||
| 942 | _n0 | ||
| 999 |
_c71428 _d71428 |
||